[Event "CYCC U08"]
[Site "Victoria CAN"]
[Date "2009.07.22"]
[Round "4"]
[White "Zhang, Yuanchen"]
[Black "Wan, Kevin"]
[Result "1/2-1/2"]
[WhiteElo "1282"]
[BlackElo "1418"]
[PlyCount "42"]
[GameId "2160767910093602"]
[EventDate "2009.07.21"]
[EventType "swiss"]
[EventRounds "7"]
[EventCountry "CAN"]
[SourceTitle "hb 2009.10"]

1. e4 c5 2. Nf3 d6 3. d4 cxd4 4. Nxd4 Nf6 5. Nc3 g6 6. Be3 Bg7 7. Qd2 Nc6 8. O-O-O O-O 9. h4 h5 10. Be2 Ng4 11. Bxg4 Bxg4 12. f3 Bd7 13. Nxc6 bxc6 14. Bd4 f6 15. Be3 Kh7 16. Qe2 Qc8 17. Rdg1 f5 18. exf5 gxf5 19. Bd2 e5 20. f4 Be8 21. fxe5 dxe5 1/2-1/2

[Event "CYCC U08"]
[Site "Victoria CAN"]
[Date "2009.07.23"]
[Round "5"]
[White "Doknjas, Joshua"]
[Black "Zhang, Yuanchen"]
[Result "1/2-1/2"]
[WhiteElo "1020"]
[BlackElo "1282"]
[PlyCount "87"]
[GameId "2160767910093608"]
[EventDate "2009.07.21"]
[EventType "swiss"]
[EventRounds "7"]
[EventCountry "CAN"]
[SourceTitle "hb 2009.10"]

1. e4 c5 2. Nf3 e6 3. d4 cxd4 4. Nxd4 Nc6 5. Nc3 a6 6. Be3 Qc7 7. Qd2 Nf6 8. f3 Bb4 9. a3 Ba5 10. Be2 d5 11. exd5 Nxd5 12. b4 Nxe3 13. Qxe3 Bb6 14. Rd1 Nxd4 15. Rxd4 Bxd4 16. Qxd4 O-O 17. O-O b5 18. Bd3 Qa7 19. Qxa7 Rxa7 20. Re1 f5 21. a4 bxa4 22. Nxa4 Re7 23. Nc5 g6 24. Nxa6 Bxa6 25. Bxa6 Kf7 26. c4 Rb8 27. b5 Rc7 28. Rc1 Rc5 29. Kf2 f4 30. Ke2 e5 31. Kd3 Rd8+ 32. Ke2 Rb8 33. Kd3 Ke6 34. Kc3 h5 35. h3 h4 36. Re1 g5 37. Re4 Kd6 38. Kd3 Ke6 39. Kc3 Kd6 40. Kd3 Rb6 41. Kc3 Ke6 42. Re2 Rb8 43. Re4 Rb6 44. Re2 1/2-1/2

[Event "CYCC U08"]
[Site "Victoria CAN"]
[Date "2009.07.23"]
[Round "6"]
[White "Zhang, Yuanchen"]
[Black "McCullough, Ian"]
[Result "1/2-1/2"]
[WhiteElo "1282"]
[BlackElo "969"]
[PlyCount "85"]
[GameId "2160767910093616"]
[EventDate "2009.07.21"]
[EventType "swiss"]
[EventRounds "7"]
[EventCountry "CAN"]
[SourceTitle "hb 2009.10"]

1. e4 e6 2. d4 d5 3. exd5 exd5 4. Nf3 Nc6 5. Be3 Nf6 6. Bd3 Bg4 7. h3 Bh5 8. a3 Bd6 9. Nc3 O-O 10. O-O Re8 11. Be2 Qd7 12. Nh4 Bxe2 13. Nxe2 Rad8 14. Nc3 h6 15. Qf3 Re7 16. Qf5 Qxf5 17. Nxf5 Ree8 18. Rfe1 Ne4 19. Nxe4 Rxe4 20. f3 Re6 21. b4 Rde8 22. Bf2 Bf4 23. g3 Bd2 24. Rxe6 Rxe6 25. Rd1 Bc3 26. Rd3 Bb2 27. Rb3 Bc1 28. Kf1 Rf6 29. Nh4 g5 30. Ng2 a5 31. b5 Na7 32. a4 Re6 33. Be3 Bxe3 34. Nxe3 Rd6 35. Nf5 Rf6 36. Ne7+ Kf8 37. Nxd5 Rd6 38. c4 c6 39. bxc6 Nxc6 40. Rb6 Ke8 41. Rxb7 Nxd4 42. Re7+ Kf8 43. Re3 1/2-1/2

[Event "CYCC U08"]
[Site "Victoria CAN"]
[Date "2009.07.24"]
[Round "7"]
[White "Zhang, Yuanchen"]
[Black "Su, Michael"]
[Result "1-0"]
[WhiteElo "1282"]
[BlackElo "1106"]
[PlyCount "60"]
[GameId "2160767910093621"]
[EventDate "2009.07.21"]
[EventType "swiss"]
[EventRounds "7"]
[EventCountry "CAN"]
[SourceTitle "hb 2009.10"]

1. e4 c5 2. Nf3 Nc6 3. d4 cxd4 4. Nxd4 Nxd4 5. Qxd4 e6 6. Nc3 Nf6 7. Bg5 h6 8. Bh4 Be7 9. e5 Nh7 10. Bxe7 Qxe7 11. Ne4 O-O 12. O-O-O f6 13. exf6 Nxf6 14. Nxf6+ Qxf6 15. Qxf6 Rxf6 16. f3 d5 17. c4 dxc4 18. Bxc4 Kh7 19. Rhe1 Rf5 20. Bd3 Kg6 21. Bxf5+ exf5 22. Rd8 b6 23. Ree8 a5 24. Rxc8 Ra7 25. Rc6+ Kg5 26. Rxb6 Rc7+ 27. Kd1 g6 28. b4 axb4 29. Rxb4 Ra7 30. Re2 Rd7+ 1-0

[Event "Scarborough CC Spring Swiss U1700"]
[Site "Toronto CAN"]
[Date "2009.06.11"]
[Round "7"]
[White "Xie, Peter"]
[Black "Zhang, Yuanchen"]
[Result "0-1"]
[WhiteElo "1442"]
[BlackElo "1258"]
[PlyCount "94"]
[GameId "2160767910157083"]
[EventDate "2009.04.30"]
[EventType "swiss"]
[EventRounds "8"]
[EventCountry "CAN"]
[SourceTitle "EXT 2011"]
[Source "ChessBase"]
[SourceDate "2011.11.26"]
[SourceVersion "1"]
[SourceVersionDate "2011.11.26"]
[SourceQuality "1"]

1. e4 c5 2. Nc3 e6 3. d3 Nc6 4. g3 d6 5. Bg2 Nf6 6. Nge2 Be7 7. O-O Bd7 8. Kh1 Qc7 9. Nb5 Qd8 10. c4 a6 11. Nbc3 Qc7 12. Bf4 e5 13. Bg5 Be6 14. Bxf6 Bxf6 15. Nd5 Bxd5 16. exd5 Ne7 17. Qa4+ Qd7 18. Qxd7+ Kxd7 19. Bh3+ Kd8 20. Nc3 Ng6 21. Ne4 Be7 22. a3 Rf8 23. Bf5 Nh8 24. h4 g6 25. Bh3 f5 26. Ng5 Bxg5 27. hxg5 Nf7 28. f4 Re8 29. Rae1 Kc7 30. Bg2 a5 31. Rf2 Rab8 32. Bf3 b5 33. Bd1 bxc4 34. dxc4 e4 35. Ba4 Red8 36. Rh2 Rh8 37. Kg1 h6 38. gxh6 Nxh6 39. Kg2 Ng4 40. Rxh8 Rxh8 41. Rh1 Rxh1 42. Kxh1 e3 43. Kg2 e2 44. Bd7 e1=Q 45. Bxf5 Qe2+ 46. Kh3 Qh2+ 47. Kxg4 Qh5# 0-1